[Event "SF Olfen 1 - SK Bocholt 1"]
[Site "Regionalliga 2016/2017"]
[Date "2016.12.03"]
[Round "4.1"]
[White "Fuest, Martin"]
[Black "Koke, Christoph"]
[Result "1/2-1/2"]
[WhiteElo "2156"]
[BlackElo "2073"]
[PlyCount "142"]
[EventDate "2016.??.??"]
[SourceDate "2016.12.18"]

1. d4 d5 2. c4 c6 3. cxd5 cxd5 4. Nc3 Nf6 5. Nf3 Nc6 6. Bf4 e6 7. e3 Be7 8. h3
O-O 9. Bd3 a6 10. Rc1 Bd7 11. Ne5 Qa5 12. Nxd7 Nxd7 13. O-O Rfc8 14. Bb1 Nf8
15. Bg3 b5 16. f3 Qd8 17. Ne2 Na5 18. Qd3 Nc4 19. Rc2 Bd6 20. f4 f5 21. Rfc1
Nd7 22. Be1 Nf6 23. Bh4 Be7 24. Bxf6 Bxf6 25. Kf2 Kf7 26. Qd1 Qd7 27. Ng1 g6
28. Nf3 Nd6 29. Rc5 Nb7 30. Ne5+ Bxe5 31. Rxc8 Rxc8 32. fxe5 Rc6 33. Ke2 Qc7
34. Rxc6 Qxc6 35. Bd3 Nd8 36. Qe1 Qc7 37. Qh4 Ke8 38. Qf6 Qe7 39. Qxe7+ Kxe7
40. a4 b4 41. Bxa6 Nc6 42. Bd3 h5 43. g3 Na5 44. h4 Kf7 45. Kf3 Kg7 46. Bb5 Kf7
47. Bd3 Nb3 48. Ke2 Ke7 49. Kd1 Na5 50. Kc2 Kd7 51. b3 Ke7 52. Be2 Kd7 53. Bd1
Ke7 54. Kd3 Kf7 55. Ke2 Ke7 56. Kf3 Kf7 57. Kf4 Kf8 58. Kg5 Kg7 59. Bc2 Kf7 60.
Kh6 Nc6 61. Bd1 Na5 62. Kg5 Kg7 63. Kf4 Kf7 64. Kf3 Ke7 65. Ke2 Kd7 66. Kd2 Ke7
67. Kc2 Nc6 68. Kb2 Kf7 69. Be2 Ke7 70. Ba6 Kd8 71. Kc2 Na5 1/2-1/2

[Event "SF Olfen 1 - SK Bocholt 1"]
[Site "Regionalliga 2016/2017"]
[Date "2016.12.03"]
[Round "4.2"]
[White "Bösel, Alexander"]
[Black "Steiner, Karl"]
[Result "1/2-1/2"]
[WhiteElo "1918"]
[BlackElo "1920"]
[PlyCount "113"]
[EventDate "2016.??.??"]
[SourceDate "2016.12.18"]

1. e4 c6 2. Nc3 d5 3. d4 dxe4 4. Nxe4 Nd7 5. Nf3 Ngf6 6. Ng3 e6 7. Bd3 Be7 8.
O-O O-O 9. c3 Qc7 10. Re1 b6 11. Bc2 Ba6 12. Ne5 Bd6 13. Nxd7 Qxd7 14. Ne4 Nxe4
15. Rxe4 Rad8 16. Rh4 f5 17. Qh5 g6 18. Qh6 Rf7 19. Bb3 c5 20. Bd2 c4 21. Bc2
Bb7 22. Re1 Bd5 23. Rh3 Bf8 24. Qh4 Be7 25. Bg5 h5 26. f4 Rg7 27. Rg3 Bxg5 28.
Rxg5 Rb8 29. Qg3 Kh7 30. Bd1 b5 31. a3 a5 32. Bf3 Bxf3 33. Qxf3 b4 34. axb4
axb4 35. Qe2 bxc3 36. bxc3 Qc7 37. Qe5 Rb6 38. Rg3 Qxe5 39. Rxe5 Ra7 40. h4 Kg7
41. Rc5 Ra4 42. Re3 Kf6 43. Kf2 Rb2+ 44. Re2 Rxe2+ 45. Kxe2 Ke7 46. g3 Kd7 47.
Ke3 Kd6 48. Rc8 Ke7 49. d5 exd5 50. Kd4 Ra1 51. Kxd5 Rg1 52. Rc7+ Kd8 53. Rxc4
Rxg3 54. Ke6 Rg4 55. Kf6 Kd7 56. Rd4+ Kc6 57. Rd8 1/2-1/2

[Event "SF Olfen 1 - SK Bocholt 1"]
[Site "Regionalliga 2016/2017"]
[Date "2016.12.03"]
[Round "4.3"]
[White "Hunhoff, Sebastian"]
[Black "Beutelhoff, Josef"]
[Result "1/2-1/2"]
[WhiteElo "1912"]
[BlackElo "1982"]
[PlyCount "58"]
[EventDate "2016.??.??"]
[SourceDate "2016.12.18"]

1. c4 Nf6 2. Nc3 g6 3. e4 d6 4. g3 c5 5. Bg2 Nc6 6. Nge2 Bg7 7. h3 O-O 8. O-O
e5 9. d3 Nd4 10. Be3 Bd7 11. Kh2 Rb8 12. f4 b5 13. fxe5 dxe5 14. Nd5 bxc4 15.
Nec3 Nxd5 16. Nxd5 Rxb2 17. dxc4 Be6 18. Qa4 Bxd5 19. cxd5 Qb6 20. Rac1 Rd8 21.
Qc4 f6 22. Qxc5 Qxc5 23. Rxc5 Nc2 24. Bg1 Rxa2 25. Rc1 Nd4 26. Rc8 Rxc8 27.
Rxc8+ Kf7 28. Rc7+ Kf8 29. Rc8+ Ke7 1/2-1/2

[Event "SF Olfen 1 - SK Bocholt 1"]
[Site "Regionalliga 2016/2017"]
[Date "2016.12.03"]
[Round "4.4"]
[White "Grawunder, Jürgen"]
[Black "Naumann, Felix"]
[Result "1-0"]
[WhiteElo "1954"]
[BlackElo "1799"]
[PlyCount "53"]
[EventDate "2016.??.??"]
[SourceDate "2016.12.18"]

1. b4 e5 2. Bb2 Bxb4 3. Bxe5 Nf6 4. Nf3 Nc6 5. Bb2 d5 6. e3 Bg4 7. Be2 O-O 8.
O-O Re8 9. d4 Ne4 10. Nbd2 Bd6 11. c4 Nf6 12. Qc2 Bf8 13. Rfb1 Nb4 14. Qb3 Ne4
15. Bc3 Nc6 16. cxd5 Nxc3 17. Qxc3 Qxd5 18. Bc4 Qh5 19. Rxb7 Nd8 20. Rb5 Qh6
21. Ne5 Be6 22. Rab1 Bxc4 23. Qxc4 Ne6 24. Ndf3 Bd6 25. h3 a5 26. Ng4 Qg6 27.
Nh4 1-0

[Event "SF Olfen 1 - SK Bocholt 1"]
[Site "Regionalliga 2016/2017"]
[Date "2016.12.03"]
[Round "4.5"]
[White "Hunhoff, Andreas"]
[Black "Engelkamp, Stephan"]
[Result "1/2-1/2"]
[WhiteElo "1839"]
[BlackElo "1916"]
[PlyCount "35"]
[EventDate "2016.??.??"]
[SourceDate "2016.12.18"]

1. f4 g6 2. Nf3 Bg7 3. e4 d6 4. Bc4 e6 5. O-O Ne7 6. c3 a6 7. d3 b5 8. Bb3 O-O
9. Be3 c5 10. d4 Qc7 11. Nbd2 Bb7 12. Ng5 h6 13. Ngf3 Nd7 14. Nh4 c4 15. Bc2 f5
16. Qe1 Nf6 17. Qg3 Kh7 18. e5 1/2-1/2

[Event "SF Olfen 1 - SK Bocholt 1"]
[Site "Regionalliga 2016/2017"]
[Date "2016.12.03"]
[Round "4.6"]
[White "Preuß, Richard"]
[Black "Böing, Frank"]
[Result "1/2-1/2"]
[WhiteElo "1748"]
[BlackElo "1828"]
[PlyCount "32"]
[EventDate "2016.??.??"]
[SourceDate "2016.12.18"]

1. e4 e6 2. d4 d5 3. exd5 exd5 4. Nf3 Nf6 5. Bd3 Be7 6. O-O Bg4 7. c3 c6 8. Bf4
O-O 9. Nbd2 Nbd7 10. Qc2 Re8 11. Rfe1 Nf8 12. Ne5 Bh5 13. Ndf3 N6d7 14. Nxd7
Qxd7 15. Ne5 Qd8 16. Bg3 Bd6 1/2-1/2

[Event "SF Olfen 1 - SK Bocholt 1"]
[Site "Regionalliga 2016/2017"]
[Date "2016.12.03"]
[Round "4.7"]
[White "Tepasse, Wilhelm"]
[Black "Boenigk, Winfried"]
[Result "1/2-1/2"]
[WhiteElo "1767"]
[BlackElo "1716"]
[PlyCount "60"]
[EventDate "2016.??.??"]
[SourceDate "2016.12.18"]

1. c4 Nf6 2. Nf3 d6 3. g3 g6 4. d4 Bg7 5. Bg2 O-O 6. O-O c5 7. d5 Bd7 8. Nc3 a6
9. a4 a5 10. Bf4 Nh5 11. Bd2 Na6 12. Qc1 Nb4 13. Bh6 e6 14. Bxg7 Kxg7 15. Qd2
e5 16. Ng5 h6 17. Nge4 Qe7 18. Nb5 Bxb5 19. axb5 f5 20. Nc3 b6 21. Ra3 Rae8 22.
Na4 Qd8 23. e4 f4 24. Bh3 fxg3 25. hxg3 Nf6 26. Qe2 Nh7 27. Rc3 Ng5 28. Bg2 Nh7
29. Bh3 Ng5 30. Bg2 Nh7 1/2-1/2

[Event "SF Olfen 1 - SK Bocholt 1"]
[Site "Regionalliga 2016/2017"]
[Date "2016.12.03"]
[Round "4.8"]
[White "Limberg, Johannes"]
[Black "Burike, Christian"]
[Result "0-1"]
[WhiteElo "1599"]
[BlackElo "1643"]
[PlyCount "66"]
[EventDate "2016.??.??"]
[SourceDate "2016.12.18"]

1. e4 e6 2. d4 d5 3. exd5 exd5 4. Nf3 Bd6 5. Nc3 c6 6. Bd3 Ne7 7. O-O O-O 8.
Re1 Bf5 9. Bg5 f6 10. Bh4 Bxd3 11. Qxd3 Na6 12. Re2 Ng6 13. Bg3 Nf4 14. Bxf4
Bxf4 15. Rae1 Nc7 16. Qf5 Bd6 17. Nh4 Rf7 18. Qg4 Bf8 19. Nf5 g6 20. Re3 Qd7
21. Rg3 Kh8 22. Ne3 f5 23. Qh3 f4 24. Rf3 fxe3 25. Qxd7 exf2+ 26. Rxf2 Rxd7 27.
a3 Kg7 28. Rfe2 Bd6 29. Nd1 Rf8 30. Nf2 h5 31. Nd3 Rff7 32. g3 Rde7 33. Ne5 Rf5
0-1

[Event "Schach Nienberge 1 - Südlohner SV 1"]
[Site "Regionalliga 2016/2017"]
[Date "2016.12.03"]
[Round "4.1"]
[White "Kolakovic, Klaudio"]
[Black "Ringwelski, Marius"]
[Result "1-0"]
[WhiteElo "1977"]
[BlackElo "2036"]
[PlyCount "141"]
[EventDate "2016.??.??"]
[SourceDate "2016.12.18"]

1. d4 f5 2. Bg5 Nf6 3. Bxf6 exf6 4. e3 d5 5. Bd3 Be6 6. h4 Qd7 7. Qh5+ g6 8.
Qf3 Nc6 9. c3 O-O-O 10. Nh3 h5 11. Nd2 Be7 12. Nf4 Bf7 13. g3 Kb8 14. b4 Bd6
15. Nb3 g5 16. Ng2 g4 17. Qe2 Ne7 18. Qc2 b6 19. a4 c6 20. a5 b5 21. a6 Ka8 22.
Nc5 Bxc5 23. bxc5 Rb8 24. Qb1 Be8 25. Nf4 Qc8 26. O-O Bd7 27. Re1 Qc7 28. Re2
Qc8 29. Rb2 Qc7 30. Qc2 Qc8 31. Qb1 Qc7 32. Bc2 Qc8 33. Rb4 Qc7 34. Bd3 Qc8 35.
Ra2 Be8 36. Bf1 Ng6 37. Bg2 Nxf4 38. gxf4 Bd7 39. Kh2 Qc7 40. Kg3 Rhe8 41. Rab2
Re4 42. Bxe4 fxe4 43. c4 f5 44. cxb5 cxb5 45. Rxb5 Rxb5 46. Rxb5 Bc6 47. Rb4
Qc8 48. Qb3 Qc7 49. Qa2 Qc8 50. Qa5 Qd7 51. Rb2 Qc8 52. Kg2 Qd7 53. Kf1 Qc8 54.
Ke1 Qd7 55. Kd2 Qc8 56. Kc3 Qd7 57. Rb4 Qc8 58. Qa3 Qc7 59. Qb3 Qc8 60. Kc2 Qc7
61. Rb7 Bxb7 62. Qxb7+ Qxb7 63. axb7+ Kxb7 64. Kb3 Kc6 65. Kb4 a6 66. Ka4 Kc7
67. Kb4 Kc6 68. Ka5 Kb7 69. c6+ Kc7 70. Kxa6 Kxc6 71. Ka5 1-0

[Event "Schach Nienberge 1 - Südlohner SV 1"]
[Site "Regionalliga 2016/2017"]
[Date "2016.12.03"]
[Round "4.2"]
[White "Kemper, Georg"]
[Black "Dönnebrink, Elmar"]
[Result "0-1"]
[WhiteElo "1919"]
[BlackElo "2040"]
[PlyCount "90"]
[EventDate "2016.??.??"]
[SourceDate "2016.12.18"]

1. d4 Nf6 2. c4 g6 3. f3 Bg7 4. e4 d6 5. Bd3 Nc6 6. Ne2 e5 7. Be3 exd4 8. Nxd4
Ng4 9. fxg4 Nxd4 10. O-O O-O 11. Nc3 Nc6 12. Nd5 Ne5 13. Be2 c6 14. Nc3 Be6 15.
c5 dxc5 16. Bxc5 Re8 17. h3 Qa5 18. b4 Qa3 19. Qc1 Qxc1 20. Raxc1 b6 21. Bd6
Nc4 22. Bf4 Rad8 23. Rfe1 Be5 24. g3 Bd4+ 25. Kh2 f6 26. Bxc4 Bxc4 27. Ne2 Bxa2
28. Nxd4 Rxd4 29. Rxc6 Rxb4 30. e5 g5 31. Bc1 Rxe5 32. Rxe5 fxe5 33. Bxg5 Bd5
34. Rc7 Rb1 35. Bc1 a5 36. Kg1 a4 37. Kf2 b5 38. Bh6 a3 39. Bg7 a2 40. Bxe5 b4
41. Rg7+ Kf8 42. Rxh7 b3 43. g5 b2 44. g6 a1=Q 45. g7+ Ke8 0-1

[Event "Schach Nienberge 1 - Südlohner SV 1"]
[Site "Regionalliga 2016/2017"]
[Date "2016.12.03"]
[Round "4.3"]
[White "Darwisch, Khaled"]
[Black "Gottkehaskamp, Philipp"]
[Result "1-0"]
[WhiteElo "2053"]
[BlackElo "1926"]
[PlyCount "65"]
[EventDate "2016.??.??"]
[SourceDate "2016.12.18"]

1. e4 c5 2. d3 Nc6 3. g3 d5 4. Nd2 Nf6 5. h3 g6 6. Bg2 Bg7 7. Ne2 O-O 8. O-O e5
9. f4 dxe4 10. dxe4 exf4 11. gxf4 Qe7 12. Ng3 Rd8 13. c3 Be6 14. Qe2 Ne8 15. e5
Bd5 16. Nde4 f6 17. Be3 b6 18. c4 Bxe4 19. Bxe4 Rac8 20. Qg2 Nd4 21. f5 fxe5
22. fxg6 Nd6 23. Bd5+ Kh8 24. Nh5 h6 25. Rf7 Nxf7 26. gxf7 Qf8 27. Rf1 Rd6 28.
Kh1 Nc6 29. Rg1 Ne7 30. Qxg7+ Qxg7 31. Nxg7 Nxd5 32. Ne8 Rf6 33. Rg8+ 1-0

[Event "Schach Nienberge 1 - Südlohner SV 1"]
[Site "Regionalliga 2016/2017"]
[Date "2016.12.03"]
[Round "4.4"]
[White "Haas, Kai Markus"]
[Black "Funke, Reinhard"]
[Result "0-1"]
[WhiteElo "1948"]
[BlackElo "2015"]
[PlyCount "158"]
[EventDate "2016.??.??"]
[SourceDate "2016.12.18"]

1. e4 c5 2. Nf3 e6 3. d3 Nc6 4. g3 g6 5. Bg2 Bg7 6. O-O Nge7 7. Nbd2 O-O 8. Re1
d6 9. a4 Rb8 10. c3 a6 11. Nf1 h6 12. h4 Kh7 13. Qc2 e5 14. N3h2 Be6 15. Be3 b6
16. Kh1 Qd7 17. Qe2 Na5 18. Nd2 Nb3 19. Ra3 Nxd2 20. Bxd2 Nc6 21. Nf1 b5 22.
axb5 axb5 23. Ne3 b4 24. Raa1 bxc3 25. bxc3 f5 26. exf5 gxf5 27. Nd5 Ne7 28.
Nxe7 Qxe7 29. Rab1 Qf7 30. c4 Kh8 31. Be3 Rxb1 32. Rxb1 f4 33. gxf4 exf4 34.
Bxf4 Qxf4 35. Qxe6 Qxh4+ 36. Qh3 Qxh3+ 37. Bxh3 Rxf2 38. Rb8+ Kh7 39. Bg2 h5
40. Rb1 Be5 41. Rf1 Rd2 42. Rf5 h4 43. Be4 Kh6 44. Rf3 Kg5 45. Bf5 Kf6 46. Be4+
Ke7 47. Bf5 Kd8 48. Be4 Kc7 49. Bf5 Kb6 50. Kg1 Ka5 51. Kf1 Bg3 52. Kg1 Kb4 53.
Kf1 Kc3 54. Kg1 Rh2 55. Bg4 Kd2 56. Bf5 Re2 57. Kf1 Re7 58. Kg2 Rg7 59. Kf1 Rg5
60. Be6 Be5 61. Bh3 Bd4 62. Bg2 Rg7 63. Rh3 Rg4 64. Rf3 Be3 65. Rh3 Kxd3 66.
Rf3 Rxc4 67. Bh3 Rc1+ 68. Kg2 Rg1+ 69. Kh2 Rg5 70. Bf1+ Kd2 71. Rf6 d5 72. Kh3
Re5 73. Ra6 Ke1 74. Bg2 d4 75. Kxh4 d3 76. Bf3 c4 77. Kg3 Rg5+ 78. Bg4 Rxg4+
79. Kxg4 d2 0-1

[Event "Schach Nienberge 1 - Südlohner SV 1"]
[Site "Regionalliga 2016/2017"]
[Date "2016.12.03"]
[Round "4.5"]
[White "Hater, Wolfgang"]
[Black "Gottkehaskamp, Stefan"]
[Result "1/2-1/2"]
[WhiteElo "2024"]
[BlackElo "1974"]
[PlyCount "38"]
[EventDate "2016.??.??"]
[SourceDate "2016.12.18"]

1. e4 Nf6 2. d3 e5 3. Nf3 Nc6 4. Be2 d5 5. Nbd2 Bc5 6. O-O O-O 7. c3 a5 8. a4
h6 9. Qc2 Qe7 10. exd5 Nxd5 11. Ne4 Bb6 12. Re1 Bg4 13. Ng3 Qd7 14. Bd2 Rad8
15. Rad1 Rfe8 16. Bc1 Qc8 17. Qb3 Be6 18. Qc2 Bg4 19. Qb3 Be6 1/2-1/2

[Event "Schach Nienberge 1 - Südlohner SV 1"]
[Site "Regionalliga 2016/2017"]
[Date "2016.12.03"]
[Round "4.6"]
[White "Althoff, Franz"]
[Black "Telöken, Andreas"]
[Result "0-1"]
[WhiteElo "2009"]
[BlackElo "1980"]
[PlyCount "56"]
[EventDate "2016.??.??"]
[SourceDate "2016.12.18"]

1. Nf3 d5 2. d4 e6 3. c4 Nf6 4. e3 c6 5. Nc3 Nbd7 6. Qc2 Bd6 7. a3 O-O 8. e4
dxe4 9. Ng5 e5 10. Ngxe4 exd4 11. Nxd6 Qe7+ 12. Ne2 Qxd6 13. Bf4 Qe6 14. O-O-O
c5 15. Ng3 Re8 16. Bd3 Nf8 17. h4 Ng4 18. Ne4 Ne5 19. Nxc5 Nxd3+ 20. Qxd3 Qc6
21. Qxd4 b6 22. Nd3 Re4 23. Qd6 Qxc4+ 24. Kb1 Be6 25. Rc1 Qa2+ 26. Kc2 Bf5 27.
Be5 Ne6 28. Nb4 Rxb4+ 0-1

[Event "Schach Nienberge 1 - Südlohner SV 1"]
[Site "Regionalliga 2016/2017"]
[Date "2016.12.03"]
[Round "4.7"]
[White "Schmeing, Walter"]
[Black "Keller, Dirk"]
[Result "1/2-1/2"]
[WhiteElo "1990"]
[BlackElo "1893"]
[PlyCount "84"]
[EventDate "2016.??.??"]
[SourceDate "2016.12.18"]

1. e4 c6 2. Nc3 d5 3. Nf3 Bg4 4. h3 Bxf3 5. Qxf3 e6 6. d4 dxe4 7. Qxe4 Nf6 8.
Qd3 Na6 9. a3 Be7 10. Qg3 Nc7 11. Bd3 g6 12. O-O O-O 13. Ne2 Ncd5 14. Qf3 b5
15. c3 Qc7 16. Bd2 Kg7 17. Rfc1 Rad8 18. Nf4 h6 19. Re1 Nxf4 20. Bxf4 Bd6 21.
Bxh6+ Kxh6 22. Qxf6 Qe7 23. Qf3 Rc8 24. Re2 a5 25. Rae1 Qg5 26. Re4 Kg7 27. h4
Qf6 28. Qe2 Rh8 29. g3 b4 30. axb4 axb4 31. Re3 bxc3 32. bxc3 Rh5 33. Rf3 Qe7
34. Qc2 c5 35. dxc5 Rhxc5 36. c4 Be5 37. Rfe3 Qf6 38. Qe2 Bd4 39. Re4 Rb8 40.
Rf4 Qe5 41. Qxe5+ Rxe5 42. Rxe5 Bxe5 1/2-1/2

[Event "Schach Nienberge 1 - Südlohner SV 1"]
[Site "Regionalliga 2016/2017"]
[Date "2016.12.03"]
[Round "4.8"]
[White "Melkert, Tim"]
[Black "Harbers, Gerard"]
[Result "1/2-1/2"]
[WhiteElo "1861"]
[BlackElo "1872"]
[PlyCount "112"]
[EventDate "2016.??.??"]
[SourceDate "2016.12.18"]

1. e4 e6 2. d4 d5 3. Nc3 Bb4 4. e5 c5 5. a3 Bxc3+ 6. bxc3 Ne7 7. Nf3 Nbc6 8. a4
Qa5 9. Qd2 Bd7 10. Be2 f6 11. exf6 gxf6 12. O-O O-O-O 13. Ba3 cxd4 14. Bb4 Qc7
15. Bxe7 Nxe7 16. cxd4 Bc6 17. Qe3 Qd6 18. c4 dxc4 19. Bxc4 Nd5 20. Bxd5 Bxd5
21. a5 Kb8 22. Rfb1 Rhg8 23. g3 Rc8 24. Ne1 Rc7 25. Nd3 Rc3 26. Qf4 Qxf4 27.
Nxf4 Rd8 28. Re1 Rc6 29. Rac1 Rxc1 30. Rxc1 Rd6 31. h4 Be4 32. Nh5 f5 33. Nf6
h6 34. Nxe4 fxe4 35. Rc4 Rd5 36. Ra4 Kc7 37. Kf1 Kc6 38. a6 b5 39. Rb4 Kb6 40.
Ke2 Ka5 41. Rb1 Rxd4 42. Ke3 Rc4 43. Ra1+ Kb6 44. g4 b4 45. h5 b3 46. Rb1 Rb4
47. Kd2 e3+ 48. Kxe3 Rxg4 49. Rxb3+ Kxa6 50. Rb8 Rh4 51. Re8 Rxh5 52. Rxe6+ Kb5
53. Kd3 a5 54. Kc3 Rh3+ 55. Kb2 Rh2 56. Ka3 Rxf2 1/2-1/2

[Event "SC Steinfurt 1 - SK Münster 3"]
[Site "Regionalliga 2016/2017"]
[Date "2016.12.03"]
[Round "4.1"]
[White "Borrink, Jörn"]
[Black "Haselhorst, Helmut"]
[Result "1-0"]
[WhiteElo "2098"]
[BlackElo "1992"]
[PlyCount "129"]
[EventDate "2016.??.??"]
[SourceDate "2016.12.18"]

1. e4 Nf6 2. e5 Nd5 3. d4 d6 4. c4 Nb6 5. exd6 exd6 6. Nc3 Be7 7. h3 O-O 8. Nf3
Re8 9. Be2 Bf6 10. O-O Nc6 11. Be3 Bf5 12. Qd2 d5 13. b3 dxc4 14. bxc4 Na5 15.
c5 Nac4 16. Bxc4 Nxc4 17. Qe2 Nxe3 18. fxe3 Qd7 19. Rad1 b6 20. e4 bxc5 21. Ne5
Qc8 22. Rxf5 cxd4 23. Ng4 dxc3 24. Rxf6 gxf6 25. Nxf6+ Kf8 26. Nd7+ Kg7 27.
Qg4+ Kh8 28. Qg3 Rg8 29. Qxc3+ Rg7 30. Nf6 Qf8 31. Nh5 f6 32. Nxg7 Qxg7 33. Rc1
Rg8 34. Rc2 Qe7 35. Qd4 Qd6 36. Qxd6 cxd6 37. Kf2 Re8 38. Kf3 Re7 39. Rc6 Rd7
40. Ke3 Kg8 41. Kd4 Kf7 42. Kd5 Ke7 43. a4 h5 44. Rc8 Rb7 45. Rh8 Rb2 46. Rh7+
Kf8 47. Kxd6 Rxg2 48. Ke6 Re2 49. Kxf6 Kg8 50. Rg7+ Kh8 51. Re7 h4 52. e5 Re3
53. e6 Rxh3 54. Rxa7 Rf3+ 55. Kg5 Re3 56. e7 Kg8 57. Kxh4 Kf7 58. a5 Re5 59.
Kg4 Ke8 60. Kf4 Rh5 61. Ke4 Rg5 62. Kd4 Rh5 63. Kc4 Rg5 64. Kb4 Rh5 65. Rc7 1-0

[Event "SC Steinfurt 1 - SK Münster 3"]
[Site "Regionalliga 2016/2017"]
[Date "2016.12.03"]
[Round "4.2"]
[White "Engels, Natia"]
[Black "Baumann, Stephan"]
[Result "1-0"]
[WhiteElo "2042"]
[BlackElo "2003"]
[PlyCount "99"]
[EventDate "2016.??.??"]
[SourceDate "2016.12.18"]

1. Nf3 Nf6 2. c4 d6 3. d4 Nbd7 4. Nc3 e5 5. e4 Be7 6. d5 O-O 7. Be2 Nc5 8. Qc2
a5 9. Be3 Na6 10. h3 Ne8 11. g4 h6 12. O-O-O c6 13. dxc6 bxc6 14. Nxe5 Qc7 15.
Nf3 Be6 16. g5 hxg5 17. Nxg5 Bxg5 18. Bxg5 f5 19. f3 fxe4 20. fxe4 Nb4 21. Qd2
Na6 22. h4 Nc5 23. h5 Rf7 24. h6 g6 25. Rdf1 Kh7 26. Rxf7+ Bxf7 27. Rf1 Ra7 28.
Bg4 Bxc4 29. Rf8 Bxa2 30. Bd1 Ne6 31. Rxe8 Qf7 32. Rb8 Qc7 33. Re8 Qf7 34. Be3
c5 35. Ba4 Bb3 36. Bxb3 Qxe8 37. Qxd6 Nd4 38. Bxd4 cxd4 39. Qxd4 Rd7 40. Nd5
Kxh6 41. Qe3+ g5 42. Qh3+ Kg6 43. Qf5+ Kh6 44. Nf6 Rc7+ 45. Kb1 Qg6 46. Qe5 Rc6
47. Ng8+ Kh7 48. Ne7 Qf6 49. Nxc6 Qxc6 50. Qxg5 1-0

[Event "SC Steinfurt 1 - SK Münster 3"]
[Site "Regionalliga 2016/2017"]
[Date "2016.12.03"]
[Round "4.3"]
[White "Ollech, Dirk"]
[Black "Grälken, Matthias"]
[Result "0-1"]
[WhiteElo "1934"]
[BlackElo "2021"]
[PlyCount "104"]
[EventDate "2016.??.??"]
[SourceDate "2016.12.18"]

1. d4 Nf6 2. Nf3 e6 3. g3 b6 4. Bg2 Bb7 5. O-O c5 6. c4 cxd4 7. Nxd4 Bxg2 8.
Kxg2 Qc8 9. b3 Qb7+ 10. f3 a6 11. e4 d6 12. Nc3 Be7 13. Be3 O-O 14. Qd2 Rc8 15.
a4 Nc6 16. Nxc6 Rxc6 17. Ne2 Rd8 18. Nf4 Rcc8 19. Qf2 Nd7 20. Rad1 Re8 21. Nd3
Bd8 22. Bf4 Bc7 23. Rfe1 b5 24. axb5 axb5 25. cxb5 Qxb5 26. b4 Bb6 27. Qe2 Rc3
28. Rc1 Rxc1 29. Bxc1 d5 30. exd5 Qxd5 31. Be3 Ra8 32. Rd1 Bxe3 33. Qxe3 Ra2+
34. Kg1 h6 35. Nf2 Qb7 36. Qe4 Qc7 37. Qd3 Qb6 38. Qd4 Qxd4 39. Rxd4 Ne5 40.
Kg2 Rb2 41. Rd8+ Kh7 42. Rd4 g5 43. h3 Kg6 44. f4 Nc6 45. Rc4 Nxb4 46. Kf3 Rb3+
47. Kg2 Nd5 48. Ng4 f6 49. Rd4 h5 50. Nf2 gxf4 51. gxf4 Kf5 52. Nd3 Rxd3 0-1

[Event "SC Steinfurt 1 - SK Münster 3"]
[Site "Regionalliga 2016/2017"]
[Date "2016.12.03"]
[Round "4.4"]
[White "Freitag, Julia"]
[Black "Wingenfeld, Klaus"]
[Result "1-0"]
[WhiteElo "2076"]
[BlackElo "1888"]
[PlyCount "109"]
[EventDate "2016.??.??"]
[SourceDate "2016.12.18"]

1. d4 Nf6 2. e3 g6 3. f4 Bg7 4. Nf3 O-O 5. c3 d6 6. Bc4 c5 7. O-O d5 8. Bd3 b6
9. Qe2 Bf5 10. Bxf5 gxf5 11. Nbd2 Nc6 12. Ne5 Nxe5 13. fxe5 Ne4 14. Rxf5 e6 15.
Rh5 f5 16. Nxe4 fxe4 17. Bd2 Qe8 18. Be1 Qg6 19. Bg3 Bh6 20. Rh4 Bg5 21. Rh3
Kh8 22. Bh4 Rf5 23. Bxg5 Qxg5 24. Rf1 Raf8 25. Rxf5 Rxf5 26. Rg3 Qe7 27. Rg4
cxd4 28. cxd4 Qb4 29. h4 Qe7 30. g3 Rf3 31. Kg2 Qb4 32. Rf4 Rxf4 33. gxf4 Qa4
34. Qh5 Qc2+ 35. Kh3 Qf2 36. Qe8+ Kg7 37. Qe7+ Kg8 38. Qxe6+ Kg7 39. Qe7+ Kg8
40. Qg5+ Kf7 41. Qf5+ Ke8 42. Qe6+ Kf8 43. Qf6+ Kg8 44. Kg4 Qxe3 45. e6 Qf3+
46. Kg5 Qg3+ 47. Kh6 Qg6+ 48. Qxg6+ hxg6 49. Kxg6 Kf8 50. h5 e3 51. h6 e2 52.
h7 e1=Q 53. h8=Q+ Ke7 54. Qf6+ Kd6 55. Qd8+ 1-0

[Event "SC Steinfurt 1 - SK Münster 3"]
[Site "Regionalliga 2016/2017"]
[Date "2016.12.03"]
[Round "4.5"]
[White "Meyer, Ulrich"]
[Black "Wild, Helmut"]
[Result "1-0"]
[WhiteElo "1929"]
[BlackElo "1922"]
[PlyCount "133"]
[EventDate "2016.??.??"]
[SourceDate "2016.12.18"]

1. e4 c6 2. d4 d5 3. f3 e6 4. Be3 b6 5. Bd3 Ba6 6. Nh3 Nf6 7. O-O c5 8. c3 Be7
9. Bxa6 Nxa6 10. Qa4+ Qd7 11. Qxa6 dxe4 12. fxe4 Nxe4 13. Qe2 Nf6 14. Nd2 O-O
15. Rad1 Nd5 16. Nf3 Nxe3 17. Qxe3 cxd4 18. cxd4 Rad8 19. Kh1 Bf6 20. Nhg5 h6
21. Ne4 Be7 22. Ne5 Qd5 23. Nc3 Qb7 24. Qf3 Qxf3 25. Nxf3 Bf6 26. Ne4 Be7 27.
Rc1 Rc8 28. Ne5 f5 29. Nc3 Bg5 30. Rcd1 Rfd8 31. g3 a6 32. Rfe1 b5 33. a3 Rd6
34. Nf3 Bf6 35. Kg2 g5 36. Ne5 Rcd8 37. Re2 Rxd4 38. Rxd4 Rxd4 39. Nf3 Rd6 40.
Rd2 Rc6 41. Nd4 Rd6 42. Nb3 Rc6 43. Nd1 Kf7 44. Ne3 Ke7 45. Nd4 Rc5 46. Kf2 h5
47. Nb3 Rc7 48. Ke2 f4 49. gxf4 gxf4 50. Nd1 Bg5 51. Kf3 e5 52. Nf2 Ke6 53. Ne4
Be7 54. Re2 Kf5 55. Nf2 Bxa3 56. Nd3 Bd6 57. Nd2 Rc2 58. Ne4 Rxe2 59. Nxd6+ Ke6
60. Kxe2 Kxd6 61. Kf3 a5 62. Ke4 f3 63. Kxf3 Kd5 64. Ke3 b4 65. b3 h4 66. Nb2
e4 67. Nc4 1-0

[Event "SC Steinfurt 1 - SK Münster 3"]
[Site "Regionalliga 2016/2017"]
[Date "2016.12.03"]
[Round "4.6"]
[White "Arning, Marcus"]
[Black "Freise, Eckhard"]
[Result "1/2-1/2"]
[WhiteElo "1839"]
[BlackElo "1785"]
[PlyCount "95"]
[EventDate "2016.??.??"]
[SourceDate "2016.12.18"]

1. Nc3 e5 2. Nf3 Nc6 3. d4 exd4 4. Nxd4 g6 5. e4 Bg7 6. Nxc6 bxc6 7. Bc4 Qh4 8.
Qf3 Nf6 9. Qf4 Qxf4 10. Bxf4 d6 11. O-O-O Be6 12. Bxe6 fxe6 13. f3 O-O 14. Be3
a5 15. a4 Rab8 16. Ne2 e5 17. Bd2 Ra8 18. Rhf1 d5 19. Ng3 Nd7 20. f4 Nc5 21.
exd5 exf4 22. Bxf4 Rxf4 23. Rxf4 Bh6 24. Ne2 cxd5 25. Kb1 Bxf4 26. Nxf4 c6 27.
b3 Re8 28. h4 Re4 29. Rf1 Kg7 30. Kc1 Nd7 31. Kd2 Ne5 32. Ne6+ Kh6 33. Rf4 Rxf4
34. Nxf4 g5 35. hxg5+ Kxg5 36. Ne2 h5 37. Ke3 h4 38. Nd4 Kg4 39. Kf2 c5 40. Ne2
d4 41. Nc1 Kf4 42. Nd3+ Nxd3+ 43. cxd3 Kg4 44. Kf1 Kg5 45. Ke2 Kf4 46. Kf2 Kg4
47. Kf1 Kg3 48. Kg1 1/2-1/2

[Event "SC Steinfurt 1 - SK Münster 3"]
[Site "Regionalliga 2016/2017"]
[Date "2016.12.03"]
[Round "4.7"]
[White "Hartmann, Steffen"]
[Black "Janning, Rainer"]
[Result "1/2-1/2"]
[WhiteElo "1887"]
[BlackElo "1887"]
[PlyCount "107"]
[EventDate "2016.??.??"]
[SourceDate "2016.12.18"]

1. e4 c6 2. d4 d5 3. Nd2 dxe4 4. Nxe4 Nf6 5. Nxf6+ gxf6 6. Bc4 Bf5 7. Ne2 e6 8.
Be3 Nd7 9. Qd2 Nb6 10. Bd3 Bg6 11. h4 Nd5 12. h5 Bxd3 13. Qxd3 Nxe3 14. Qxe3
Be7 15. O-O-O Qd5 16. Nc3 Qa5 17. Kb1 O-O-O 18. Rd3 Qg5 19. Qxg5 fxg5 20. g4 f5
21. Re1 Bd6 22. Rxe6 fxg4 23. Ne4 Bf4 24. Nf6 Rdf8 25. Nxg4 Re8 26. Rxe8+ Rxe8
27. Rd1 Re6 28. c3 Kc7 29. a4 Re2 30. Rf1 Kd8 31. Ka2 Ke7 32. Kb3 Ke6 33. f3
Kf5 34. Nh6+ Kf6 35. Rd1 Ke6 36. Ng4 Bd6 37. Rd3 Bf4 38. Rd1 Bd6 39. c4 Kf5 40.
Rd3 Kf4 41. Kc3 a5 42. c5 Bf8 43. b4 axb4+ 44. Kxb4 b6 45. Rc3 Re1 46. Kc4 bxc5
47. dxc5 Ra1 48. Kb4 Rb1+ 49. Kc4 Ra1 50. Kb3 Be7 51. Kb4 Rb1+ 52. Ka5 Bd8+ 53.
Ka6 Rb4 54. h6 1/2-1/2

[Event "SC Steinfurt 1 - SK Münster 3"]
[Site "Regionalliga 2016/2017"]
[Date "2016.12.03"]
[Round "4.8"]
[White "Raue, Thorsten"]
[Black "Jansen, Dirk"]
[Result "1-0"]
[WhiteElo "1797"]
[BlackElo "1894"]
[PlyCount "61"]
[EventDate "2016.??.??"]
[SourceDate "2016.12.18"]

1. b4 e5 2. Bb2 Bxb4 3. Bxe5 Nf6 4. e3 O-O 5. Nf3 d5 6. c4 Re8 7. Bb2 c5 8.
cxd5 Nxd5 9. Be2 Nc6 10. O-O Bg4 11. a3 Ba5 12. Qb3 Qd6 13. Nc3 Nxc3 14. Bxc3
Bc7 15. g3 b6 16. Ng5 Be6 17. Qb2 f6 18. Nxe6 Qxe6 19. Rac1 Kh8 20. Bf3 Rac8
21. d4 cxd4 22. exd4 Qd7 23. Qb5 Bd6 24. Bb4 Bxb4 25. Bxc6 Rxc6 26. Qxc6 Qxc6
27. Rxc6 Bxa3 28. d5 Kg8 29. Ra1 Bc5 30. Rxa7 Rd8 31. Rcc7 1-0